[Event "Stjernen CC-ch A"]
[Site "Oslo"]
[Date "2017.02.14"]
[Round "2"]
[White "Kutrovac, Milan"]
[Black "Horni, Fredrik Seim"]
[Result "1-0"]
[WhiteElo "1656"]
[BlackElo "1739"]
[PlyCount "113"]
[EventDate "2017.02.07"]
[EventType "swiss"]
[EventRounds "9"]
[EventCountry "NOR"]
[SourceTitle "EXT 2024"]
[Source "ChessBase"]
[SourceDate "2023.10.10"]
[SourceVersion "1"]
[SourceVersionDate "2023.10.10"]
[SourceQuality "1"]

1. d4 e6 2. c4 f5 3. Nf3 Nf6 4. g3 d5 5. Bg2 c6 6. 0-0 Bd6 7. b3 Qe7 8. Bb2 0-0 9. Nbd2 Bd7 10. Ne5 Be8 11. e3 Nbd7 12. Ndf3 Bh5 13. Qc2 Rad8 14. a3 Ne4 15. Nd2 Nxd2 16. Qxd2 Bxe5 17. dxe5 dxc4 18. Qc3 cxb3 19. a4 Rfe8 20. Ba3 Qf7 21. Bd6 Nf6 22. Qxb3 Ne4 23. Qb4 Nxd6 24. exd6 e5 25. Rfb1 Rd7 26. Bf1 Bf3 27. Bg2 Bxg2 28. Kxg2 Qd5+ 29. Kg1 a5 30. Qa3 c5 31. Rd1 Qc6 32. Rac1 b6 33. Rb1 c4 34. Rb5 Re6 35. Rbd5 c3 36. Qb3 Kf8 37. Rc5 Qxc5 38. Qxe6 c2 39. Rc1 Rxd6 40. Qxf5+ Rf6 41. Qxc2 Qxc2 42. Rxc2 Rf7 43. Kg2 Rb7 44. Kf3 Ke7 45. Ke4 b5 46. axb5 Rxb5 47. Rc6 Kd7 48. Ra6 Kc8 49. Re6 Rb7 50. Rxe5 Ra7 51. Rc5+ Kd7 52. Rc3 a4 53. Ra3 Ra5 54. Kd4 Kc6 55. Kc4 Rc5+ 56. Kb4 Rc2 57. Rc3+ 1-0

[Event "Stjernen CC-ch A"]
[Site "Oslo"]
[Date "2016.??.??"]
[Round "3"]
[White "Wasshaug, Espen"]
[Black "Kutrovac, Milan"]
[Result "1-0"]
[WhiteElo "1859"]
[BlackElo "1523"]
[PlyCount "63"]
[EventDate "2016.02.02"]
[EventType "swiss"]
[EventRounds "9"]
[EventCountry "NOR"]
[SourceTitle "EXT 2024"]
[Source "ChessBase"]
[SourceDate "2023.10.10"]
[SourceVersion "1"]
[SourceVersionDate "2023.10.10"]
[SourceQuality "1"]

1. d4 Nf6 2. Nf3 e6 3. c4 b6 4. Nc3 Bb7 5. Bg5 Be7 6. e3 0-0 7. Bd3 d5 8. cxd5 exd5 9. 0-0 Nbd7 10. Rc1 a6 11. Qb3 c5 12. Bxf6 Nxf6 13. dxc5 Bxc5 14. Na4 Nd7 15. Bf5 Rb8 16. Bxd7 Qxd7 17. Nxc5 bxc5 18. Rxc5 d4 19. Ne5 Qe7 20. Qc4 Bxg2 21. Kxg2 dxe3 22. Nc6 Qb7 23. fxe3 Rbe8 24. e4 Qxb2+ 25. Rf2 Qb7 26. Rcf5 Rc8 27. Rc5 Rce8 28. Ne5 Qe7 29. h3 Qg5+ 30. Ng4 Rxe4 31. Qxf7+ Rxf7 32. Rc8+ 1-0

[Event "Oslo CC-ch"]
[Site "Oslo"]
[Date "2015.02.17"]
[Round "2"]
[White "Hagos, Daniel"]
[Black "Kutrovac, Milan"]
[Result "1-0"]
[WhiteElo "1757"]
[BlackElo "1671"]
[PlyCount "89"]
[EventDate "2015.02.17"]
[EventType "swiss"]
[EventRounds "8"]
[EventCountry "NOR"]
[SourceTitle "EXT 2024"]
[Source "ChessBase"]
[SourceDate "2023.10.10"]
[SourceVersion "1"]
[SourceVersionDate "2023.10.10"]
[SourceQuality "1"]

1. Nf3 Nf6 2. g3 d5 3. Bg2 Nc6 4. 0-0 e5 5. b3 e4 6. Ne1 Bf5 7. Bb2 Be7 8. d3 0-0 9. c4 dxc4 10. bxc4 Qd7 11. Nc3 exd3 12. exd3 Rad8 13. Qa4 Bh3 14. Ne2 Bxg2 15. Kxg2 h5 16. Nf4 g5 17. Qb5 Ng4 18. Nxh5 a6 19. Qa4 f6 20. Qd1 Nge5 21. Qe2 Nxd3 22. Nxd3 Qxd3 23. Qe6+ Rf7 24. Rad1 Qg6 25. g4 Kh7 26. h4 f5 27. Rxd8 Bxd8 28. Qe8 Kh6 29. Qh8+ Qh7 30. f4 Qxh8 31. hxg5+ Kg6 32. Bxh8 fxg4 33. Ng3 Rd7 34. Rf2 Rd3 35. Ne4 Nd4 36. Nc5 Rd1 37. Bxd4 Rxd4 38. f5+ Kf7 39. Ne6 Rd3 40. Rf4 Be7 41. Rxg4 Re3 42. Nxc7 Bd6 43. g6+ Kg8 44. Nd5 Be5 45. Nxe3 1-0

[Event "Oslo CC-ch"]
[Site "Oslo"]
[Date "2015.02.17"]
[Round "5"]
[White "Kutrovac, Milan"]
[Black "Chikwati, Elvis"]
[Result "0-1"]
[WhiteElo "1671"]
[BlackElo "1526"]
[PlyCount "78"]
[EventDate "2015.02.17"]
[EventType "swiss"]
[EventRounds "8"]
[EventCountry "NOR"]
[SourceTitle "EXT 2024"]
[Source "ChessBase"]
[SourceDate "2023.10.10"]
[SourceVersion "1"]
[SourceVersionDate "2023.10.10"]
[SourceQuality "1"]

1. d4 Nf6 2. c4 g6 3. Nf3 Bg7 4. g3 d6 5. Bg2 Bg4 6. Nbd2 Nc6 7. Qc2 0-0 8. h3 Bd7 9. 0-0 Qc8 10. Kh2 e5 11. d5 Ne7 12. e4 Nh5 13. a4 a5 14. Ra3 f5 15. Re3 f4 16. Ra3 h6 17. Qd1 Nf6 18. gxf4 Nh5 19. Ng1 Nxf4 20. Rg3 g5 21. b3 Neg6 22. Bf3 Rf6 23. Bg4 Bxg4 24. Qxg4 Qxg4 25. hxg4 Raf8 26. Re3 Nh4 27. f3 h5 28. gxh5 Rh6 29. Kg3 Nxh5+ 30. Kh2 Ng6 31. Ne2 Kf7 32. Ng3 Nhf4+ 33. Kg1 Nh3+ 34. Kh2 Rfh8 35. Nf5 R6h7 36. Kg3 Nhf4 37. Ree1 Rh2 38. Ne3 Nd3 39. Ng4 R8h3# 0-1

[Event "Stjernen Autumn"]
[Site "Oslo"]
[Date "2011.10.11"]
[Round "6"]
[White "Haug, Johannes"]
[Black "Kutrovac, Milan"]
[Result "1-0"]
[WhiteElo "1836"]
[BlackElo "1658"]
[PlyCount "51"]
[EventDate "2011.08.30"]
[EventType "swiss"]
[EventRounds "9"]
[EventCountry "NOR"]
[SourceTitle "EXT 2024"]
[Source "ChessBase"]
[SourceDate "2023.10.10"]
[SourceVersion "1"]
[SourceVersionDate "2023.10.10"]
[SourceQuality "1"]

1. e4 c5 2. c3 Nc6 3. d4 cxd4 4. cxd4 e6 5. Nf3 d6 6. Nc3 Nf6 7. Bg5 Be7 8. d5 exd5 9. exd5 Nb8 10. Bd3 0-0 11. 0-0 h6 12. Bh4 Nbd7 13. Bc2 a6 14. b4 Ne5 15. Nxe5 dxe5 16. Qd3 g6 17. d6 Bf5 18. dxe7 Bxd3 19. exd8Q Rfxd8 20. Bxf6 Bxf1 21. Bxd8 Rxd8 22. Rxf1 Rc8 23. Be4 Rxc3 24. Bxb7 Ra3 25. Bd5 Kg7 26. Bb3 1-0

[Event "Stjernen Autumn"]
[Site "Oslo"]
[Date "2010.11.09"]
[Round "8"]
[White "Andersen, Guttorm"]
[Black "Kutrovac, Milan"]
[Result "0-1"]
[WhiteElo "1596"]
[BlackElo "1641"]
[PlyCount "82"]
[EventDate "2010.09.07"]
[EventType "swiss"]
[EventRounds "9"]
[EventCountry "NOR"]
[SourceTitle "EXT 2024"]
[Source "ChessBase"]
[SourceDate "2023.10.10"]
[SourceVersion "1"]
[SourceVersionDate "2023.10.10"]
[SourceQuality "1"]

1. d4 Nf6 2. c4 g6 3. Nc3 Bg7 4. e4 d6 5. f4 c5 6. d5 0-0 7. Nf3 Qa5 8. Bd2 Nbd7 9. Be2 Re8 10. 0-0 Qb6 11. Qe1 e6 12. Nb5 a5 13. e5 dxe5 14. fxe5 Ne4 15. Bd3 Nxd2 16. Qxd2 exd5 17. Qf4 Re7 18. Rae1 Nf8 19. Nc3 Be6 20. Ng5 Rd8 21. Rf3 dxc4 22. Nxe6 Nxe6 23. Qxc4 Rd4 24. Nd5 Rxc4 25. Nxb6 Rd4 26. Bc4 Ng5 27. Rfe3 Kf8 28. b3 Ne6 29. Nd5 Rd7 30. Nf6 Rd8 31. Nxh7+ Ke7 32. Nf6 Nc7 33. Ne4 b5 34. Be2 Nd5 35. Bxb5 Nxe3 36. Rxe3 R8d5 37. e6 Rd1+ 38. Kf2 Bd4 39. exf7 Bxe3+ 40. Kxe3 Re5 41. Ke2 Rd4 0-1

[Event "Stjernen Autumn"]
[Site "Oslo"]
[Date "2010.11.02"]
[Round "7"]
[White "Kutrovac, Milan"]
[Black "Wasshaug, Espen"]
[Result "1-0"]
[WhiteElo "1641"]
[BlackElo "1646"]
[PlyCount "87"]
[EventDate "2010.09.07"]
[EventType "swiss"]
[EventRounds "9"]
[EventCountry "NOR"]
[SourceTitle "EXT 2024"]
[Source "ChessBase"]
[SourceDate "2023.10.10"]
[SourceVersion "1"]
[SourceVersionDate "2023.10.10"]
[SourceQuality "1"]

1. d4 d5 2. Nf3 Nf6 3. c4 c6 4. g3 dxc4 5. a4 Bg4 6. Bg2 Nbd7 7. 0-0 g6 8. Nbd2 Bg7 9. Nxc4 0-0 10. Ne3 Bxf3 11. Bxf3 e5 12. dxe5 Nxe5 13. Bd2 Nxf3+ 14. exf3 Nd5 15. Qc2 Qf6 16. Kg2 Qxb2 17. Qxb2 Bxb2 18. Rab1 Bc3 19. Nxd5 Bxd2 20. Ne7+ Kg7 21. Rxb7 c5 22. Rd1 Bb4 23. Nc6 a5 24. Ne5 Rac8 25. Rdd7 Kf6 26. Nxf7 Rxf7 27. Rxf7+ Ke5 28. Kf1 Kd5 29. Rbc7 Rxc7 30. Rxc7 Kc4 31. Ke2 Kb3 32. Kd3 Kxa4 33. Kc4 Ka3 34. Rxh7 Kb2 35. Ra7 Kc2 36. f4 Be1 37. f3 Kd2 38. g4 Ke2 39. f5 gxf5 40. gxf5 Bh4 41. Ra6 Kxf3 42. f6 Kf4 43. f7 Be7 44. Ra8 1-0

[Event "Stjernen Autumn"]
[Site "Oslo"]
[Date "2009.10.13"]
[Round "5"]
[White "Kutrovac, Milan"]
[Black "Moen, Roger"]
[Result "1-0"]
[WhiteElo "1657"]
[BlackElo "1621"]
[PlyCount "48"]
[EventDate "2009.09.01"]
[EventType "swiss"]
[EventRounds "9"]
[EventCountry "NOR"]
[SourceTitle "EXT 2024"]
[Source "ChessBase"]
[SourceDate "2023.10.10"]
[SourceVersion "1"]
[SourceVersionDate "2023.10.10"]
[SourceQuality "1"]

1. d4 d5 2. Nf3 Nf6 3. c4 c6 4. g3 Bg4 5. Bg2 e6 6. 0-0 Bd6 7. Nc3 Nbd7 8. Qb3 Qc7 9. c5 Be7 10. Bf4 Qc8 11. Rfc1 Nh5 12. Bd2 0-0 13. e4 dxe4 14. Nxe4 Ndf6 15. Ne5 Be2 16. Ng5 Nd5 17. Ne4 f5 18. Ng5 f4 19. Nef3 Rf6 20. g4 Rg6 21. gxh5 Rxg5 22. Nxg5 Bxg5 23. Bh3 Qf8 24. Rc2 Qf7 1-0